| 000 | 01234cam a22003498a 4500 | ||
|---|---|---|---|
| 001 | 13548664 | ||
| 003 | OSt | ||
| 005 | 20140310182832.0 | ||
| 008 | 040405s2004 nyu 000 0 eng | ||
| 010 | _a 2004047142 | ||
| 020 | _a0071424113 | ||
| 040 |
_aDLC _cDLC _dDLC |
||
| 042 | _apcc | ||
| 050 | 0 | 0 |
_aPL 1129 _b.Sc437 2004 |
| 082 | 0 | 0 |
_aM 495.181 _bSC7 2003 |
| 100 | 1 | _aScurfield, Elizabeth. | |
| 245 | 1 | 0 |
_aTeach yourself beginner's Chinese / _cScurfield, Elizabeth |
| 260 |
_aNew York : _bMcGraw-Hill, _c2004. |
||
| 263 | _a0405 | ||
| 300 |
_axviii, 265 p. : _c20 cm. |
||
| 521 | _aCollege students | ||
| 526 | _c1210L to 1700L | ||
| 541 | _j1 | ||
| 562 | _e1 for circulation.1 copy available in the collection | ||
| 650 | 0 |
_aChinese language _xTextbooks for foreign speakers _xEnglish. |
|
| 700 | 1 | _aSong, Lianyi. | |
| 856 | 4 | 2 |
_3Publisher description _uhttp://www.loc.gov/catdir/description/mh051/2004047142.html |
| 856 | 4 | 2 |
_3Contributor biographical information _uhttp://www.loc.gov/catdir/enhancements/fy0704/2004047142-b.html |
| 906 |
_a7 _brix _corignew _d1 _eocip _f20 _gy-gencatlg |
||
| 942 |
_2lcc _cBK _kM |
||
| 999 |
_c16644 _d16644 |
||